|
|
|
|
| LEADER |
00599cam a2200181ua 4500 |
| 008 |
101215t2009||||||||||| 00 ||||| c |
| 082 |
|
|
|a 370.152 3
|b CON
|
| 245 |
1 |
0 |
|a Contemporary theories of learning: learning theorists...in their own words /
|
| 260 |
|
|
|a London:
|b Routledge,
|c 2009.
|
| 300 |
|
|
|a 235p..
|
| 362 |
1 |
|
|a 2009.
|
| 650 |
|
|
|a Learning-Philosophy
|
| 650 |
0 |
|
|a Adult learning
|
| 650 |
0 |
|
|a Education
|
| 700 |
0 |
2 |
|a Illeris,, Knud
|
| 942 |
|
|
|c BK
|
| 999 |
|
|
|c 24330
|d 24330
|
| 952 |
|
|
|0 0
|1 0
|4 0
|6 370_152000000000000_3_CO
|7 0
|9 25886
|a KUCL
|b KUCL
|d 2014-05-23
|l 0
|o 370.152 3 CO
|p 24755
|r 2014-05-23
|w 2014-05-23
|y BK
|